Constitución de la nación argentina

Guardado en:
Formato: Libro
Publicado: Buenos Aires : Kapelusz, 1999
Materias:
Etiquetas: Agregar Etiqueta
Sin Etiquetas, Sea el primero en etiquetar este registro!
LEADER 01008nam a22001935a 4500
001 CEM.cems010245
005 20080228114556.0
008 130507s1999##################000#0#####d
003 CEMS
020 |a 9501325237 
082 0 4 |a Z342.82 
245 0 0 |a Constitución de la nación argentina 
260 |a Buenos Aires :  |b Kapelusz,  |c 1999 
300 |a 91 p. 
505 0 |a Cronología de la Constitución Argentina -- Preámbulo -- Declaraciones, derechos y garantías -- Nuevos derechos y garantías -- Autoridades de la Nación -- Gobierno Federal -- Del Poder Legislativo -- Del Poder Ejecutivo -- Del Poder Judicial -- Del Ministerio Público -- Gobiernos de la Provincia -- Disposiciones transitorias -- Designación de la Capital de la República -- Acefalía del Poder Ejecutivo 
653 |a Constitución 
653 |a Constitución argentina 
859 |a CEMS  |b BIB. CEMS - 11 de abril  |h Z342.82  |i Ar37-3  |p 20761.00  |t Ej.1  |v 1999  |3 1999 
859 |a CEMS  |b BIB. CEMS - 11 de abril  |h Z342.82  |i Ar37-3  |p 20762.00  |t Ej.2  |v 1999  |3 1999